Central Library OPAC University of Rajshahi

A study of Shinto : (Record no. 32298)

MARC details
000 -LEADER
fixed length control field 00746nam a2200253 a 4500
001 - CONTROL NUMBER
control field 32298
003 - CONTROL NUMBER IDENTIFIER
rucl marc code BD-RjUL
005 - DATE AND TIME OF LATEST TRANSACTION
control field 20211209051820.0
008 - FIXED-LENGTH DATA ELEMENTS--GENERAL INFORMATION
fixed length control field 140424s1971 enk 000 0 eng d
035 ## - SYSTEM CONTROL NUMBER
System control number OCLC 933292 from nreto023
-- (BD-RjUL)32387
040 ## - CATALOGING SOURCE
Original cataloging agency YNG
Transcribing agency YNG
Modifying agency m/c
-- BD-RjUL
Language of cataloging eng
041 0# - LANGUAGE CODE
Language code of text/sound track or separate title engjpn
082 04 - DEWEY DECIMAL CLASSIFICATION NUMBER
Classification number 294.561
Author mark and year KAS 1971
090 ## - LOCALLY ASSIGNED LC-TYPE CALL NUMBER (OCLC); LOCAL CALL NUMBER (OCLC)
Classification number (OCLC) (R) ; Classification number, CALL (RLIN) (NR) BL2220
Local cutter number (OCLC) ; Book number/undivided call number, CALL (RLIN) .K35 1971b
100 1# - MAIN ENTRY--PERSONAL NAME
Personal name Kato, Genchi,
Dates associated with a name 1873-1965.
9 (RLIN) 97952
245 12 - TITLE STATEMENT
Title A study of Shinto :
Remainder of title the religion of the Japanese nation /
Statement of responsibility, etc. Genchi Kato
250 ## - EDITION STATEMENT
Edition statement 2nd ed
260 ## - PUBLICATION, DISTRIBUTION, ETC. (IMPRINT)
Place of publication, distribution, etc. London :
Name of publisher, distributor, etc. Curzon Press,
Date of publication, distribution, etc. c 1971.
300 ## - PHYSICAL DESCRIPTION
Pagination ix, 250 p. ;
Size 22 cm
500 ## - GENERAL NOTE
General note First published in Tokyo, 1926
General note Includes index
650 #0 - SUBJECT ADDED ENTRY--TOPICAL TERM
Topical term or geographic name as entry element Shinto
9 (RLIN) 71566
942 ## - ADDED ENTRY ELEMENTS (KOHA)
Source of classification or shelving scheme Dewey Decimal Classification
Koha item type Books
Holdings
Lost status Source of classification or shelving scheme Damaged status Not for loan Permanent Location Current Location Shelving location Date acquired Source of acquisition Cost, normal purchase price Total Checkouts Full call number Date last seen Copy number Koha item type
  Dewey Decimal Classification   Not For Loan Central Library, University of Rajshahi Central Library, University of Rajshahi Reading Room 26/04/1979 Japan Foundation 0.00   294.561 KAS 1971 24/04/2014 C-1 Books